000 00842nam a2200277 a 4500
001 24256
003 CO-ViMGA
008 141112s2004 ck r 000 u spa d
020 _a978849666333734
040 _aCO-ViMGA
_bspa
_cCO-ViMGA
041 _aspa
_beng
082 0 4 _a155.633 P454m
100 1 _aEstés, Clarissa Pinkola
_935413
245 1 0 _aMujeres que corren con los lobos /
_cClarissa Pinkola Estés
260 _aEspaña :
_bEdiciones B,
_c2007.
300 _a569 p. ; 20 cm.
490 _aCrónica actual
500 _aTraducción Ma. Antonia Menini.
504 _aBibliografía : p. 701 - 712.
650 1 4 _aMujeres en la mitología
_935414
650 1 4 _aPsicologia femenina
700 1 _aMenini, María Antonia, tr.
_935415
917 _a1785 20070502
942 _2ddc
_cBK
999 _c32256
_d32256